La producción silenciada de los desastres naturales en catástrofes sociales /
Este trabajo indica que la técnica de estado de excepción es un mecanismo que, en vez de garantizar los derechos humanos en situaciones de desastres, permite crear nuevas violaciones y establece condiciones para la producción silenciada de las catástrofes. Parte la hipótesis de que la protección de...
Guardado en:
| Autor principal: | |
|---|---|
| Formato: | Texto |
| Materias: | |
| Etiquetas: |
Agregar Etiqueta
Sin Etiquetas, Sea el primero en etiquetar este registro!
|
MARC
| LEADER | 00000 a a2200000 04500 | ||
|---|---|---|---|
| 001 | 46507 | ||
| 003 | |||
| 040 | |||
| 100 | |a Marchezini, Victor | ||
| 245 | |a La producción silenciada de los desastres naturales en catástrofes sociales / |c Víctor Marchezini | ||
| 520 | |a Este trabajo indica que la técnica de estado de excepción es un mecanismo que, en vez de garantizar los derechos humanos en situaciones de desastres, permite crear nuevas violaciones y establece condiciones para la producción silenciada de las catástrofes. Parte la hipótesis de que la protección de los derechos humanos en situaciones de desastres es una excepción y que la violación de los mismos es una regla. | ||
| 590 | |a DISEMINAR072014/AMB/DICIEMBRE2014 | ||
| 650 | |a A) DESASTRES | ||
| 650 | |a B) VULNERABILIDAD | ||
| 650 | |a C) ASPECTOS SOCIALES | ||
| 650 | |a D) GESTION DE LOS RIESGOS | ||
| 650 | |a E) DERECHOS HUMANOS | ||
| 650 | |a F) CONTROL SOCIAL | ||
| 773 | |g volumen76, número2 ( , 2014), páginas 253-285 : fotos | ||
| 999 | |c 35745 |d 35745 | ||
